00421nam a2200169Ia 4500003000500000005001700005008004100022020002900063040000900092082002300101100002000124245002000144260004500164300002000209521001000229546001200239322820221104105238.0210825s9999 xx 000 0 und d a9780636035898qPaperback c3228 aNDE 896.39892 JIYA a JIYANE, A O.  0aIsitha sakho..! aCape Town:bMaskew miller longman,c2014 a71 pagesc21 cm aAdult andebele